Mošovce Hornia ulica

Zobrazenie: Pohľad na Hornú ulicu v Mošovciach domy po ľavej a pravej strane ulice (dnes Krčméryho ulica)

Bibliographic Details
Format: Photo
Language:Slovak
Published: Mošovce Ján Kollár [1951?]
Subjects:

MARC

LEADER 00000ckm a2200000 a 4500
001 vtls010273283
003 SK-MaSNL
005 20260301031708.0
007 kf bo
008 240703q1951 xo g knslo
015 |a SNBG1951 
035 |a 6D85B830-4217-44B0-8C64-DFA385D69012 
035 |a urn:nbn:sk:snk-kmxvre 
035 |a urn:nbn:sk:snk-km004xg7 
040 |a SNK  |b slo  |c SNK  |e AACR2 
041 0 |a slo 
043 |a e-xo--- 
044 |a xo  |c SK 
072 7 |a 913  |x Regionálna geografia  |2 konspekt 
080 |a 913(437.6)  |2 2001 
080 |a (084.121)  |2 2001 
080 |a 711.73  |2 2001 
245 0 0 |a Mošovce  |h grafika  |b Hornia ulica 
260 |a Mošovce  |b Ján Kollár  |c [1951?] 
300 |a 1 pohľadnica  |b čiernobiela  |c 9 x 14 cm 
500 |a Názvové údaje prevzaté z obrazovej časti pohľadnice 
520 8 |a Zobrazenie: Pohľad na Hornú ulicu v Mošovciach domy po ľavej a pravej strane ulice (dnes Krčméryho ulica) 
650 0 7 |a ulice  |2 SNKPH  |9 2938 
651 7 |a Mošovce (Turčianske Teplice, Slovensko)  |2 SNKPHgeo  |9 72655 
655 7 |a miestne pohľadnice  |2 SNKPH  |9 70510 
852 |a Slovenská národná knižnica 
958 |a EUIPO 
958 |a GBN 
958 |a GC 
958 |a OND 
999 |c 577151  |d 579081 
952 |a SNK  |b SNK  |y PREZ  |7 0  |p 17A0692996  |o snkSP 1697  |i snk420/86  |z Pohľadnica prešla poštou.  |0 0  |1 0  |4 0  |d 2011-04-21  |f 1  |l 0  |r 2026-02-23 14:37:28  |w 2026-02-23